[Event "5. Cerrado Mondariz-Balneario"]
[Site "Mondariz ESP"]
[Date "2006.10.09"]
[Round "1.1"]
[White "Llorente Zaro, Alfonso"]
[Black "Solana Suarez, Ernesto"]
[Result "1/2-1/2"]
[WhiteElo "2419"]
[BlackElo "2313"]
[PlyCount "76"]
[EventDate "2006.10.09"]
[EventType "tourn"]
[EventRounds "9"]
[EventCountry "ESP"]
[Source "lmi"]
[SourceDate "2006.10.06"]

1. d4 Nf6 2. c4 e6 3. Nc3 Bb4 4. Qc2 c5 5. dxc5 Bxc5 6. Nf3 Qb6 7. e3 Qc7 8. a3
a6 9. b4 Be7 10. Bb2 d6 11. Be2 Nbd7 12. g4 h6 13. Rg1 d5 14. cxd5 Nxd5 15. Rc1
Nxc3 16. Bxc3 Bf6 17. Qb2 Bxc3+ 18. Rxc3 Qd8 19. h4 Nb6 20. Rd3 Qf6 21. Rd4 Bd7
22. g5 hxg5 23. hxg5 Qe7 24. Ne5 Ba4 25. Rf4 Rf8 26. Qd4 Nd5 27. Rxf7 Rxf7 28.
Bh5 O-O-O 29. Nxf7 Rd7 30. Qxg7 Kb8 31. Qh8+ Ka7 32. Qd4+ b6 33. Ne5 Rd8 34. b5
Bxb5 35. Qb2 Qc5 36. Nf7 Rd7 37. Ne5 Rd8 38. Nf7 Rd7 1/2-1/2

[Event "5. Cerrado Mondariz-Balneario"]
[Site "Mondariz ESP"]
[Date "2006.10.09"]
[Round "1.2"]
[White "Barria, Daniel"]
[Black "Huerga Leache, Mikel"]
[Result "1-0"]
[WhiteElo "2426"]
[BlackElo "2315"]
[PlyCount "107"]
[EventDate "2006.10.09"]
[EventType "tourn"]
[EventRounds "9"]
[EventCountry "ESP"]
[Source "lmi"]
[SourceDate "2006.10.06"]

1. d4 d5 2. c4 c6 3. Nf3 Nf6 4. Nc3 a6 5. cxd5 cxd5 6. Bf4 Nc6 7. Rc1 Ne4 8. e3
Nxc3 9. bxc3 Bg4 10. Bd3 e6 11. O-O Bd6 12. Bxd6 Qxd6 13. c4 dxc4 14. Rxc4 Rc8
15. Qe2 Ke7 16. Rfc1 Qd7 17. h3 Bh5 18. Be4 Na5 19. Rc5 b6 20. R5c2 Bxf3 21.
Qxf3 Rxc2 22. Rxc2 Rc8 23. Qg3 Rxc2 24. Bxc2 g6 25. Qh4+ Ke8 26. Qxh7 Qc6 27.
Qh8+ Kd7 28. Bd3 Qc1+ 29. Kh2 Qd2 30. Bxa6 Qxf2 31. Qc8+ Kd6 32. Bb5 Ke7 33.
Qe8+ Kf6 34. Qd8+ Kg7 35. Qxb6 Qxa2 36. Qc7 Kf8 37. Qc5+ Kg8 38. Be8 Nb3 39.
Qc7 Qf2 40. Bxf7+ Qxf7 41. Qb8+ Kg7 42. Qxb3 Qc7+ 43. g3 Qc1 44. h4 Qd2+ 45.
Kh3 Kf6 46. Qb8 Ke7 47. Qb7+ Ke8 48. Qe4 Kf7 49. Kg4 Ke7 50. Kg5 Qf2 51. Qf4
Qd2 52. Kxg6 Qd3+ 53. Kg7 Qe2 54. h5 1-0

[Event "5. Cerrado Mondariz-Balneario"]
[Site "Mondariz ESP"]
[Date "2006.10.09"]
[Round "1.3"]
[White "Navarrete Delgado, Sergio"]
[Black "Frois, Antonio"]
[Result "0-1"]
[WhiteElo "2211"]
[BlackElo "2345"]
[PlyCount "82"]
[EventDate "2006.10.09"]
[EventType "tourn"]
[EventRounds "9"]
[EventCountry "ESP"]
[Source "lmi"]
[SourceDate "2006.10.06"]

1. d4 Nf6 2. c4 g6 3. Nc3 Bg7 4. e3 O-O 5. Be2 d6 6. g4 c5 7. h4 Qa5 8. Bd2
cxd4 9. exd4 Nc6 10. d5 Ne5 11. g5 Ne8 12. f4 Nd7 13. Bd3 Nc5 14. Bc2 Qb6 15.
f5 Qxb2 16. Rb1 Qa3 17. Rh3 Qa6 18. Qe2 Bxf5 19. Bxf5 gxf5 20. h5 e6 21. g6
fxg6 22. hxg6 Nf6 23. Qg2 Rae8 24. Bh6 exd5+ 25. Kd1 Bxh6 26. gxh7+ Kh8 27.
Rxh6 Qxc4 28. Rxf6 Qd4+ 29. Qd2 Qxd2+ 30. Kxd2 Rxf6 31. Nxd5 Rg6 32. Nf4 Rg4
33. Nge2 Re4 34. Rf1 Ra4 35. a3 Kxh7 36. Rh1+ Kg7 37. Nh5+ Kg6 38. Rh3 Rh4 39.
Rxh4 Rxh4 40. Nhf4+ Kg5 41. Ke3 Rh1 0-1

[Event "5. Cerrado Mondariz-Balneario"]
[Site "Mondariz ESP"]
[Date "2006.10.09"]
[Round "1.4"]
[White "Mascaro March, Pedro"]
[Black "Recuero Guerra, David"]
[Result "1/2-1/2"]
[WhiteElo "2360"]
[BlackElo "2350"]
[PlyCount "61"]
[EventDate "2006.10.09"]
[EventType "tourn"]
[EventRounds "9"]
[EventCountry "ESP"]
[Source "lmi"]
[SourceDate "2006.10.06"]

1. d4 Nf6 2. c4 Nc6 3. Nf3 e6 4. a3 d6 5. Nc3 g6 6. e4 Bg7 7. Be2 O-O 8. O-O
Re8 9. d5 exd5 10. cxd5 Ne5 11. Re1 a6 12. Nxe5 Rxe5 13. Qc2 Re8 14. Bg5 h6 15.
Bh4 Qe7 16. f4 c5 17. Bg3 Qc7 18. h3 Nd7 19. Rad1 c4 20. e5 Nc5 21. e6 Nd3 22.
Bxd3 cxd3 23. Qxd3 Qb6+ 24. Bf2 Qxb2 25. exf7+ Kxf7 26. Rxe8 Qxc3 27. Qe2 Bf6
28. Bg3 Qb2 29. Re7+ Kf8 30. Re8+ Kf7 31. Re7+ 1/2-1/2

[Event "5. Cerrado Mondariz-Balneario"]
[Site "Mondariz ESP"]
[Date "2006.10.09"]
[Round "1.5"]
[White "Paunovic, Dragan"]
[Black "Hoffman, Alejandro"]
[Result "1/2-1/2"]
[WhiteElo "2505"]
[BlackElo "2442"]
[PlyCount "22"]
[EventDate "2006.10.09"]
[EventType "tourn"]
[EventRounds "9"]
[EventCountry "ESP"]
[Source "lmi"]
[SourceDate "2006.10.06"]

1. d4 d5 2. Nf3 Nf6 3. c4 c6 4. cxd5 cxd5 5. Nc3 Nc6 6. Bf4 Bf5 7. e3 a6 8. Bd3
Bxd3 9. Qxd3 e6 10. O-O Bd6 11. Bxd6 Qxd6 1/2-1/2

[Event "5. Cerrado Mondariz-Balneario"]
[Site "Mondariz ESP"]
[Date "2006.10.10"]
[Round "2.1"]
[White "Solana Suarez, Ernesto"]
[Black "Hoffman, Alejandro"]
[Result "1/2-1/2"]
[WhiteElo "2313"]
[BlackElo "2442"]
[PlyCount "28"]
[EventDate "2006.10.09"]
[EventType "tourn"]
[EventRounds "9"]
[EventCountry "ESP"]
[Source "lmi"]
[SourceDate "2006.10.06"]

1. Nf3 d5 2. d4 Nf6 3. c4 e6 4. g3 c6 5. Qc2 Nbd7 6. Bg2 Bd6 7. Nbd2 O-O 8. Rg1
e5 9. cxd5 cxd5 10. dxe5 Nxe5 11. Nxe5 Bxe5 12. Nf3 Bd6 13. Be3 Re8 14. Bd4 Bg4
1/2-1/2

[Event "5. Cerrado Mondariz-Balneario"]
[Site "Mondariz ESP"]
[Date "2006.10.09"]
[Round "2.2"]
[White "Recuero Guerra, David"]
[Black "Paunovic, Dragan"]
[Result "0-1"]
[WhiteElo "2350"]
[BlackElo "2505"]
[PlyCount "80"]
[EventDate "2006.10.09"]
[EventType "tourn"]
[EventRounds "9"]
[EventCountry "ESP"]
[Source "lmi"]
[SourceDate "2006.10.06"]

1. e4 c5 2. Nf3 e6 3. d4 cxd4 4. Nxd4 a6 5. c4 Nf6 6. Nc3 Bb4 7. Qc2 Qc7 8. a3
Bc5 9. Nb3 Be7 10. c5 O-O 11. Bg5 d5 12. cxd6 Bxd6 13. Bxf6 gxf6 14. Bd3 Nd7
15. Qe2 Ne5 16. Bc2 Ng6 17. g3 Be5 18. Nd1 Bd7 19. O-O Rfd8 20. a4 Rac8 21. Bd3
Qb6 22. Nd2 Qb4 23. h4 Bxa4 24. h5 Ne7 25. Nc4 Rxd3 26. Nxe5 Rxd1 27. Qg4+ Kf8
28. Rfxd1 fxe5 29. Rdc1 Bb5 30. Rc3 Rxc3 31. bxc3 Qxc3 32. Rd1 h6 33. Kg2 Qc7
34. Qh4 Kg7 35. Qg4+ Kh7 36. Qf3 Nc6 37. g4 Qe7 38. g5 Qxg5+ 39. Kh2 Qf4+ 40.
Kg2 Nd4 0-1

[Event "5. Cerrado Mondariz-Balneario"]
[Site "Mondariz ESP"]
[Date "2006.10.09"]
[Round "2.3"]
[White "Frois, Antonio"]
[Black "Mascaro March, Pedro"]
[Result "1/2-1/2"]
[WhiteElo "2345"]
[BlackElo "2360"]
[PlyCount "46"]
[EventDate "2006.10.09"]
[EventType "tourn"]
[EventRounds "9"]
[EventCountry "ESP"]
[Source "lmi"]
[SourceDate "2006.10.06"]

1. Nf3 Nf6 2. c4 e6 3. g3 d5 4. Bg2 Be7 5. O-O dxc4 6. Qa4+ c6 7. Qxc4 b5 8.
Qc2 Bb7 9. b3 Nbd7 10. Bb2 O-O 11. d3 a6 12. Nbd2 h6 13. Rac1 Rc8 14. Qb1 Qa5
15. Rfd1 Rfd8 16. Ne5 Nxe5 17. Bxe5 Qb6 18. Bxf6 gxf6 19. Qb2 f5 20. Qe5 Bf8
21. Rc2 c5 22. Bxb7 Qxb7 23. Rdc1 Rd5 1/2-1/2

[Event "5. Cerrado Mondariz-Balneario"]
[Site "Mondariz ESP"]
[Date "2006.10.10"]
[Round "2.4"]
[White "Huerga Leache, Mikel"]
[Black "Navarrete Delgado, Sergio"]
[Result "1-0"]
[WhiteElo "2315"]
[BlackElo "2211"]
[PlyCount "51"]
[EventDate "2006.10.09"]
[EventType "tourn"]
[EventRounds "9"]
[EventCountry "ESP"]
[Source "lmi"]
[SourceDate "2006.10.06"]

1. e4 d5 2. exd5 Qxd5 3. Nc3 Qd6 4. d4 Nf6 5. Nf3 a6 6. g3 Bg4 7. Bg2 Nc6 8.
O-O O-O-O 9. d5 Nb4 10. Bf4 Qc5 11. Be3 Qd6 12. h3 Bh5 13. Qe2 Nbxd5 14. Nxd5
Nxd5 15. Rad1 Qe6 16. g4 Bg6 17. Ng5 Qe5 18. c4 Nxe3 19. Bxb7+ Kxb7 20. Rxd8
Qxg5 21. Qf3+ c6 22. Rfd1 e6 23. R1d7+ Kb6 24. Rb8+ Ka5 25. Qxc6 Bb4 26. Qb6+
1-0

[Event "5. Cerrado Mondariz-Balneario"]
[Site "Mondariz ESP"]
[Date "2006.10.09"]
[Round "2.5"]
[White "Llorente Zaro, Alfonso"]
[Black "Barria, Daniel"]
[Result "0-1"]
[WhiteElo "2419"]
[BlackElo "2426"]
[PlyCount "132"]
[EventDate "2006.10.09"]
[EventType "tourn"]
[EventRounds "9"]
[EventCountry "ESP"]
[Source "lmi"]
[SourceDate "2006.10.06"]

1. d4 Nf6 2. c4 e6 3. Nc3 Bb4 4. Qc2 O-O 5. a3 Bxc3+ 6. Qxc3 b6 7. Bg5 h6 8.
Bh4 c5 9. dxc5 bxc5 10. f3 Nc6 11. e3 Rb8 12. O-O-O Ne4 13. fxe4 Qxh4 14. e5
Qe7 15. Nf3 Bb7 16. Bd3 f6 17. exf6 Qxf6 18. Qxf6 gxf6 19. Bc2 Rfd8 20. Rhf1
Kf7 21. Rf2 Ke7 22. Rdf1 Rf8 23. Be4 d6 24. Bxc6 Bxc6 25. Nd2 a5 26. g3 Rf7 27.
Rf4 Rg8 28. Kc2 h5 29. Kc3 Rg4 30. a4 Rxf4 31. gxf4 Rg7 32. Ra1 Rg2 33. h4 Rg3
34. Kd3 f5 35. Ra3 e5 36. Ke2 Rg2+ 37. Ke1 Rh2 38. Rb3 Rxh4 39. Rb6 Bxa4 40.
fxe5 dxe5 41. Nf3 Re4 42. Kf2 Bd1 43. Rb7+ Kd6 44. Ng5 Rxc4 45. Nf7+ Ke6 46.
Nd8+ Kd6 47. Nf7+ Kd5 48. Re7 Rc2+ 49. Kg3 Bg4 50. Rxe5+ Kc4 51. Nd6+ Kb4 52.
Re8 Rxb2 53. Rb8+ Kc3 54. Ra8 Ra2 55. Nb7 a4 56. Nxc5 a3 57. Ra7 Ra1 58. Na4+
Kd3 59. Kf2 h4 60. Nc5+ Kc4 61. Ne6 Ra2+ 62. Kg1 h3 63. Nd4 Kd3 64. Ra4 Rg2+
65. Kh1 a2 66. Ra3+ Ke4 0-1

[Event "5. Cerrado Mondariz-Balneario"]
[Site "Mondariz ESP"]
[Date "2006.10.11"]
[Round "3.1"]
[White "Barria, Daniel"]
[Black "Solana Suarez, Ernesto"]
[Result "1-0"]
[WhiteElo "2426"]
[BlackElo "2313"]
[PlyCount "131"]
[EventDate "2006.10.09"]
[EventType "tourn"]
[EventRounds "9"]
[EventCountry "ESP"]
[Source "lmi"]
[SourceDate "2006.10.06"]

1. d4 Nf6 2. c4 e6 3. Nf3 b6 4. g3 Ba6 5. Qa4 Bb7 6. Bg2 c5 7. dxc5 bxc5 8. O-O
Be7 9. Nc3 O-O 10. Rd1 Qb6 11. Bf4 d6 12. Rab1 Bc6 13. Qc2 Rd8 14. Rd2 a6 15.
Rbd1 Bb7 16. Ng5 Bxg2 17. Kxg2 Ra7 18. Nce4 Qc6 19. f3 Nxe4 20. Qxe4 Bxg5 21.
Qxc6 Nxc6 22. Bxg5 f6 23. Rxd6 fxg5 24. Rxd8+ Nxd8 25. Rxd8+ Kf7 26. Kf2 Ke7
27. Rb8 Kd6 28. Rb6+ Kd7 29. Ke3 a5 30. Ke4 a4 31. Ke5 h6 32. Rd6+ Ke7 33.
Rxe6+ Kf7 34. Rb6 Re7+ 35. Kd5 Rxe2 36. Kxc5 Rxh2 37. Kd6 h5 38. c5 Rd2+ 39.
Kc7 h4 40. gxh4 gxh4 41. Rb4 h3 42. Rxa4 Rd5 43. Rh4 Rxc5+ 44. Kb6 Rc2 45. b4
Rxa2 46. Rxh3 Ra3 47. Rg3 Kf6 48. b5 g5 49. Kc7 Rc3+ 50. Kd6 Rb3 51. Kc6 Rc3+
52. Kd5 Rb3 53. Kc4 Rb1 54. Rg2 Kf5 55. Rd2 Rc1+ 56. Kb4 Rb1+ 57. Kc5 Rb3 58.
Rd8 Kf4 59. Rf8+ Ke5 60. b6 Rc3+ 61. Kb5 Kd6 62. Rd8+ Ke7 63. Rg8 Rb3+ 64. Kc6
Rc3+ 65. Kd5 Rb3 66. b7 1-0

[Event "5. Cerrado Mondariz-Balneario"]
[Site "Mondariz ESP"]
[Date "2006.10.09"]
[Round "3.2"]
[White "Navarrete Delgado, Sergio"]
[Black "Llorente Zaro, Alfonso"]
[Result "0-1"]
[WhiteElo "2211"]
[BlackElo "2419"]
[PlyCount "62"]
[EventDate "2006.10.09"]
[EventType "tourn"]
[EventRounds "9"]
[EventCountry "ESP"]
[Source "lmi"]
[SourceDate "2006.10.06"]

1. e4 e5 2. f4 d5 3. exd5 exf4 4. Bb5+ c6 5. Qe2+ Be7 6. dxc6 Nxc6 7. d4 Qxd4
8. Nf3 Qd6 9. O-O Nf6 10. Ne5 g5 11. Rd1 Qc7 12. Nd2 O-O 13. Ndf3 Nxe5 14. Qxe5
Qxe5 15. Nxe5 Bf5 16. Bd3 Rfd8 17. Bd2 Bxd3 18. Nxd3 Rac8 19. Rac1 Ne4 20. Be1
f5 21. c3 Rc6 22. Bf2 Rcd6 23. Bd4 Bf6 24. Bxf6 Nxf6 25. Nf2 Rd2 26. Kf1 Ng4
27. Ke1 Rxd1+ 28. Rxd1 Re8+ 29. Kf1 Ne3+ 30. Ke2 Nxd1+ 31. Kxd1 g4 0-1

[Event "5. Cerrado Mondariz-Balneario"]
[Site "Mondariz ESP"]
[Date "2006.10.09"]
[Round "3.3"]
[White "Mascaro March, Pedro"]
[Black "Huerga Leache, Mikel"]
[Result "1/2-1/2"]
[WhiteElo "2360"]
[BlackElo "2315"]
[PlyCount "68"]
[EventDate "2006.10.09"]
[EventType "tourn"]
[EventRounds "9"]
[EventCountry "ESP"]
[Source "lmi"]
[SourceDate "2006.10.06"]

1. d4 Nf6 2. c4 e5 3. dxe5 Ng4 4. e6 fxe6 5. e4 Ne5 6. f4 Nf7 7. Be3 Bb4+ 8.
Nd2 d5 9. Qa4+ Nc6 10. O-O-O O-O 11. Ngf3 Qe7 12. e5 Nh6 13. g3 Bc5 14. Bxc5
Qxc5 15. Bh3 Nf5 16. Bxf5 Rxf5 17. Kb1 Bd7 18. Qb5 Qf8 19. Qxb7 Rb8 20. Qxc7
Be8 21. Qd6 Bg6 22. Qxf8+ Rfxf8+ 23. Ka1 Nb4 24. b3 Rfc8 25. Nd4 a5 26. a4 Nc2+
27. Nxc2 Bxc2 28. Rc1 Bxb3 29. Nxb3 Rxb3 30. cxd5 Rcb8 31. Rc2 exd5 32. Rd1
Ra3+ 33. Ra2 Rab3 34. f5 h5 1/2-1/2

[Event "5. Cerrado Mondariz-Balneario"]
[Site "Mondariz ESP"]
[Date "2006.10.09"]
[Round "3.4"]
[White "Paunovic, Dragan"]
[Black "Frois, Antonio"]
[Result "1-0"]
[WhiteElo "2505"]
[BlackElo "2345"]
[PlyCount "75"]
[EventDate "2006.10.09"]
[EventType "tourn"]
[EventRounds "9"]
[EventCountry "ESP"]
[Source "lmi"]
[SourceDate "2006.10.06"]

1. d4 d5 2. Nf3 c5 3. dxc5 Nf6 4. c4 e6 5. e3 Bxc5 6. a3 dxc4 7. Qxd8+ Kxd8 8.
Bxc4 a6 9. b4 Ba7 10. Bb2 Ke7 11. Nbd2 b5 12. Bd3 Bb7 13. Ke2 Nbd7 14. Rhc1
Rhc8 15. Rxc8 Bxc8 16. Rc1 Bb7 17. Rc7 Rb8 18. Bxf6+ gxf6 19. Be4 Bxe4 20. Rxa7
Bb7 21. Nb3 Ke8 22. Nfd2 Bxg2 23. f3 Rc8 24. Rxa6 Rc2 25. Kd3 Rc7 26. Nd4 Ne5+
27. Ke2 Rc1 28. Kf2 Bh1 29. Ne4 f5 30. Ng3 Ra1 31. Nxh1 Rxh1 32. Nxe6 Rxh2+ 33.
Kg1 Ra2 34. Nc7+ Kd7 35. Nxb5 h5 36. Nd4 Nc4 37. Ra7+ Ke8 38. Nxf5 1-0

[Event "5. Cerrado Mondariz-Balneario"]
[Site "Mondariz ESP"]
[Date "2006.10.09"]
[Round "3.5"]
[White "Hoffman, Alejandro"]
[Black "Recuero Guerra, David"]
[Result "0-1"]
[WhiteElo "2442"]
[BlackElo "2350"]
[PlyCount "92"]
[EventDate "2006.10.09"]
[EventType "tourn"]
[EventRounds "9"]
[EventCountry "ESP"]
[Source "lmi"]
[SourceDate "2006.10.06"]

1. d4 Nf6 2. Nf3 g6 3. c4 d6 4. Nc3 Bf5 5. g3 Ne4 6. Nxe4 Bxe4 7. Bh3 Bg7 8.
O-O Bxf3 9. exf3 O-O 10. f4 e6 11. Be3 c6 12. Qd2 Nd7 13. Rfc1 Qe7 14. Rc2 f5
15. Re1 Nf6 16. f3 Rfe8 17. Bf2 Qd7 18. Bf1 h5 19. Bd3 Rad8 20. Rc3 Qc7 21. Ra3
b6 22. Qc1 Bf8 23. Rc3 Bh6 24. Be3 Bg7 25. Bf1 Re7 26. Rc2 Rde8 27. Bf2 Bh6 28.
Rce2 h4 29. Qc2 hxg3 30. hxg3 Nh5 31. b4 Bg7 32. Qb3 Kh7 33. Qd3 Kg8 34. Bh3
Bf6 35. Kg2 d5 36. cxd5 cxd5 37. Kg1 Qd6 38. b5 g5 39. fxg5 Bxg5 40. Rc2 Nxg3
41. f4 Bxf4 42. Rc6 Qb4 43. Bxg3 Bxg3 44. Re2 Bf4 45. Rg2+ Rg7 46. Rc3 Kf7 0-1

[Event "5. Cerrado Mondariz-Balneario"]
[Site "Mondariz ESP"]
[Date "2006.10.12"]
[Round "4.1"]
[White "Solana Suarez, Ernesto"]
[Black "Recuero Guerra, David"]
[Result "1/2-1/2"]
[WhiteElo "2313"]
[BlackElo "2350"]
[PlyCount "28"]
[EventDate "2006.10.09"]
[EventType "tourn"]
[EventRounds "9"]
[EventCountry "ESP"]
[Source "lmi"]
[SourceDate "2006.10.06"]

1. Nf3 d5 2. d4 Nf6 3. c4 dxc4 4. Qa4+ c6 5. Qxc4 Bf5 6. Nc3 e6 7. g3 Nbd7 8.
Bg2 Bd6 9. Nh4 Bg4 10. h3 Bh5 11. e4 Nb6 12. Qb3 Bc7 13. Be3 O-O 14. O-O e5
1/2-1/2

[Event "5. Cerrado Mondariz-Balneario"]
[Site "Mondariz ESP"]
[Date "2006.10.12"]
[Round "4.4"]
[White "Llorente Zaro, Alfonso"]
[Black "Mascaro March, Pedro"]
[Result "1-0"]
[WhiteElo "2419"]
[BlackElo "2360"]
[PlyCount "87"]
[EventDate "2006.10.09"]
[EventType "tourn"]
[EventRounds "9"]
[EventCountry "ESP"]
[Source "lmi"]
[SourceDate "2006.10.06"]

1. d4 Nf6 2. Bg5 c6 3. Bxf6 gxf6 4. c4 d5 5. e3 Bf5 6. Nc3 e6 7. Bd3 Bg6 8.
Nge2 Nd7 9. Rc1 a6 10. e4 dxe4 11. Bxe4 Bxe4 12. Nxe4 Qa5+ 13. N2c3 f5 14. Nd2
Nf6 15. Nb3 Qb6 16. O-O Rd8 17. Qf3 Bg7 18. Rcd1 Qb4 19. d5 Qxc4 20. Rd4 Qxf1+
21. Kxf1 cxd5 22. Rd1 O-O 23. Qe2 Ng4 24. h3 Ne5 25. Nd4 Rfe8 26. Nf3 Nc4 27.
b3 Nd6 28. Qd3 Rc8 29. Rc1 Ne4 30. Ne2 Nc5 31. Qd1 Bh6 32. Rc2 b5 33. Qd4 Bf8
34. Ne5 Ne4 35. Rxc8 Rxc8 36. f3 Bc5 37. Qb2 Nf6 38. g4 fxg4 39. Nxg4 Nxg4 40.
hxg4 Bf8 41. Qd2 h6 42. Nf4 b4 43. Nh5 Rc3 44. Kg2 1-0

[Event "5. Cerrado Mondariz-Balneario"]
[Site "Mondariz ESP"]
[Date "2006.10.12"]
[Round "4.5"]
[White "Barria, Daniel"]
[Black "Navarrete Delgado, Sergio"]
[Result "1-0"]
[WhiteElo "2426"]
[BlackElo "2211"]
[PlyCount "95"]
[EventDate "2006.10.09"]
[EventType "tourn"]
[EventRounds "9"]
[EventCountry "ESP"]
[Source "lmi"]
[SourceDate "2006.10.06"]

1. e4 e5 2. Nf3 Nc6 3. Bb5 a6 4. Bxc6 dxc6 5. O-O Qd6 6. d3 Be6 7. Be3 O-O-O 8.
Ng5 h6 9. Nxe6 Qxe6 10. Nd2 f5 11. exf5 Qxf5 12. Qf3 Ne7 13. Rfe1 Qxf3 14. Nxf3
Ng6 15. Bd2 Be7 16. Bc3 Rd5 17. Nxe5 Nxe5 18. Rxe5 Bf6 19. Rxd5 cxd5 20. Bxf6
gxf6 21. Re1 Kd7 22. f4 Rg8 23. Kf2 c6 24. Re3 Rg4 25. Kf3 h5 26. g3 Rg7 27. h3
f5 28. Re5 Rf7 29. b4 b6 30. a4 b5 31. a5 Rf8 32. g4 hxg4+ 33. hxg4 fxg4+ 34.
Kxg4 Rh8 35. Rh5 Rg8+ 36. Kf3 Rg1 37. Ke3 Rc1 38. Rh2 Kd6 39. Kd4 Rf1 40. Rh6+
Kd7 41. Rf6 Rf2 42. c3 Rf3 43. f5 Rf1 44. Kc5 Rc1 45. Rd6+ Ke7 46. f6+ Kf7 47.
Kd4 Rh1 48. Rxc6 1-0

[Event "5. Cerrado Mondariz-Balneario"]
[Site "Mondariz ESP"]
[Date "2006.10.12"]
[Round "5.1"]
[White "Navarrete Delgado, Sergio"]
[Black "Solana Suarez, Ernesto"]
[Result "0-1"]
[WhiteElo "2211"]
[BlackElo "2313"]
[PlyCount "86"]
[EventDate "2006.10.09"]
[EventType "tourn"]
[EventRounds "9"]
[EventCountry "ESP"]
[Source "lmi"]
[SourceDate "2006.10.06"]

1. e4 c5 2. Nf3 e6 3. d4 cxd4 4. Nxd4 Nc6 5. Nc3 Qc7 6. Be3 a6 7. Qd2 Nf6 8.
O-O-O Bb4 9. f3 Ne5 10. Nb3 b5 11. Bd4 Be7 12. Bxe5 Qxe5 13. f4 Qc7 14. Qe3 b4
15. Na4 Rb8 16. Kb1 Qc6 17. Nac5 d6 18. e5 Nd5 19. Rxd5 Qxd5 20. exd6 Qd1+ 21.
Nc1 Qxd6 22. Ne4 Qb6 23. Qg3 O-O 24. Bd3 a5 25. Qh3 f5 26. Ng5 Bxg5 27. fxg5 e5
28. Rf1 e4 29. Bxe4 fxe4 30. Rxf8+ Kxf8 31. Qxh7 Qe6 32. Qh8+ Qg8 33. Qh4 Rb5
34. g6 Ke8 35. Ne2 Re5 36. Nd4 Bd7 37. g4 Qf8 38. b3 e3 39. Qg3 Qd6 40. Ne2 Bb5
41. Qf3 Bxe2 42. Qxe2 Qd2 43. Qf3 Qe1+ 0-1

[Event "5. Cerrado Mondariz-Balneario"]
[Site "Mondariz ESP"]
[Date "2006.10.12"]
[Round "5.2"]
[White "Mascaro March, Pedro"]
[Black "Barria, Daniel"]
[Result "0-1"]
[WhiteElo "2360"]
[BlackElo "2426"]
[PlyCount "66"]
[EventDate "2006.10.09"]
[EventType "tourn"]
[EventRounds "9"]
[EventCountry "ESP"]
[Source "lmi"]
[SourceDate "2006.10.06"]

1. d4 Nf6 2. c4 e6 3. Nc3 Bb4 4. e3 O-O 5. Bd3 c5 6. Nge2 d5 7. cxd5 cxd4 8.
exd4 Nxd5 9. O-O Nc6 10. Bc2 Be7 11. a3 b6 12. Be4 Bb7 13. Nxd5 exd5 14. Bc2
Bf6 15. Qd3 g6 16. b4 Rc8 17. Be3 Ne7 18. g4 Qd7 19. h3 Bg7 20. Bb3 h5 21. f3
hxg4 22. hxg4 Rfe8 23. b5 Qe6 24. Nf4 Qd6 25. Kg2 Kf8 26. Rh1 Ng8 27. Bd2 Ne7
28. Ne2 Kg8 29. Bf4 Qd7 30. a4 Rc4 31. Bxc4 dxc4 32. Qa3 Nd5 33. Be5 f6 0-1

[Event "5. Cerrado Mondariz-Balneario"]
[Site "Mondariz ESP"]
[Date "2006.10.12"]
[Round "5.3"]
[White "Paunovic, Dragan"]
[Black "Llorente Zaro, Alfonso"]
[Result "1/2-1/2"]
[WhiteElo "2505"]
[BlackElo "2419"]
[PlyCount "102"]
[EventDate "2006.10.09"]
[EventType "tourn"]
[EventRounds "9"]
[EventCountry "ESP"]
[Source "lmi"]
[SourceDate "2006.10.06"]

1. c4 e5 2. Nc3 Nf6 3. e3 c6 4. d4 exd4 5. exd4 d5 6. Bd3 Be7 7. Nf3 dxc4 8.
Bxc4 O-O 9. O-O Bg4 10. Bb3 Nbd7 11. Re1 Nb6 12. Bg5 Nbd5 13. h3 Bxf3 14. Qxf3
Qd6 15. Re5 Rad8 16. Rae1 Rd7 17. Bh4 Bd8 18. Nxd5 cxd5 19. Bxf6 Bxf6 20. Rxd5
Qc7 21. Rxd7 Qxd7 22. Rc1 Rd8 23. Rd1 Qc7 24. Qe4 Qb6 25. d5 Qd6 26. Re1 g6 27.
Re2 Rd7 28. g3 Re7 29. Qf3 Rxe2 30. Qxe2 h5 31. Kg2 Kg7 32. h4 Be5 33. Qb5 Qb6
34. Qxb6 axb6 35. f4 Bxb2 36. d6 Ba3 37. d7 Be7 38. Bd5 f5 39. Bxb7 Kf6 40. Bd5
Bd8 41. a4 Ke7 42. Kf3 Bc7 43. Ke2 Kxd7 44. Bf7 g5 45. hxg5 h4 46. gxh4 Bxf4
47. Bc4 Ke7 48. Bd3 Bg3 49. h5 Bf4 50. g6 Kf6 51. Bxf5 Kg7 1/2-1/2

[Event "5. Cerrado Mondariz-Balneario"]
[Site "Mondariz ESP"]
[Date "2006.10.13"]
[Round "5.4"]
[White "Hoffman, Alejandro"]
[Black "Huerga Leache, Mikel"]
[Result "1-0"]
[WhiteElo "2442"]
[BlackElo "2315"]
[PlyCount "113"]
[EventDate "2006.10.09"]
[EventType "tourn"]
[EventRounds "9"]
[EventCountry "ESP"]
[Source "lmi"]
[SourceDate "2006.10.06"]

1. c4 Nf6 2. Nc3 e5 3. g3 Bb4 4. Bg2 O-O 5. Nf3 Nc6 6. O-O d6 7. d3 Be6 8. Bd2
Qd7 9. Re1 a5 10. Ng5 Bf5 11. Nd5 Bxd2 12. Qxd2 Nxd5 13. cxd5 Ne7 14. e4 f6 15.
Nf3 Bg4 16. d4 Ng6 17. Rac1 b6 18. Rc3 Ra7 19. dxe5 fxe5 20. Rec1 h6 21. Ne1
Rf7 22. f3 Bh3 23. Nc2 Bxg2 24. Kxg2 Nf8 25. Qe2 Nh7 26. Na3 Ng5 27. Rf1 Ra8
28. Nb5 Raf8 29. Nxc7 Qh3+ 30. Kg1 Rc8 31. Nb5 Rxc3 32. Nxc3 Qh5 33. h4 Rxf3
34. Rxf3 Qxf3 35. hxg5 Qxg3+ 36. Kf1 Qxg5 37. Nd1 h5 38. Nf2 Qc1+ 39. Kg2 Qg5+
40. Kh3 g6 41. Qf3 Kg7 42. Qc3 Qg1 43. Qc7+ Kh6 44. Qxb6 a4 45. b4 a3 46. Qe3+
g5 47. b5 Kg6 48. Qf3 Qf1+ 49. Kh2 Qxb5 50. Qxa3 Qb6 51. Qf3 g4 52. Qf5+ Kh6
53. Kg2 Qe3 54. a4 g3 55. Nh3 h4 56. Qf6+ Kh5 57. Qf3+ 1-0

[Event "5. Cerrado Mondariz-Balneario"]
[Site "Mondariz ESP"]
[Date "2006.10.13"]
[Round "6.1"]
[White "Solana Suarez, Ernesto"]
[Black "Frois, Antonio"]
[Result "1/2-1/2"]
[WhiteElo "2313"]
[BlackElo "2345"]
[PlyCount "47"]
[EventDate "2006.10.09"]
[EventType "tourn"]
[EventRounds "9"]
[EventCountry "ESP"]
[Source "lmi"]
[SourceDate "2006.10.06"]

1. d4 Nf6 2. c4 g6 3. Nc3 Bg7 4. e4 d6 5. Be2 O-O 6. Bg5 c5 7. d5 a6 8. a4 Qa5
9. Bd2 e6 10. Nf3 exd5 11. exd5 Bg4 12. O-O Qc7 13. h3 Bxf3 14. Bxf3 Nbd7 15.
Be2 Rae8 16. Qc2 Re7 17. Rae1 Rfe8 18. Bd1 Ne5 19. b3 Qd8 20. f4 Ned7 21. Qd3
Rxe1 22. Rxe1 Rxe1+ 23. Bxe1 Ne8 24. Bd2 1/2-1/2

[Event "5. Cerrado Mondariz-Balneario"]
[Site "Mondariz ESP"]
[Date "2006.10.13"]
[Round "6.2"]
[White "Huerga Leache, Mikel"]
[Black "Recuero Guerra, David"]
[Result "0-1"]
[WhiteElo "2315"]
[BlackElo "2350"]
[PlyCount "84"]
[EventDate "2006.10.09"]
[EventType "tourn"]
[EventRounds "9"]
[EventCountry "ESP"]
[Source "lmi"]
[SourceDate "2006.10.06"]

1. e4 c5 2. Nf3 Nc6 3. d4 cxd4 4. Nxd4 Nf6 5. Nc3 d6 6. Bg5 e6 7. Qd2 Be7 8.
O-O-O Nxd4 9. Qxd4 O-O 10. f3 a6 11. h4 b5 12. Kb1 Bb7 13. g4 Rc8 14. Qd2 b4
15. Bxf6 Bxf6 16. Ne2 Qc7 17. g5 Be5 18. Nc1 d5 19. Bd3 a5 20. Ne2 dxe4 21.
fxe4 Rfd8 22. Qe3 a4 23. Rc1 a3 24. b3 Bb2 25. Rcd1 Ba6 26. Rd2 Bc3 27. Rdd1
Be5 28. Rd2 Rd6 29. Rhd1 g6 30. Bxa6 Rxa6 31. Kc1 Rc6 32. Qd3 Bg7 33. c4 bxc3
34. Rc2 Be5 35. Qd7 Kg7 36. Qd3 Rd6 37. Qe3 Rcd8 38. Rf1 Rd3 39. Qf2 Rd2 40. h5
Qd7 41. h6+ Kg8 42. Rxd2 Qxd2+ 0-1